000 00327 a2200157 4500
001 59031
020 _a
040 _cAnchieta - Pituba
100 _aLopes, Kleyde Mendes
240 1 0 _aO Olodum do Pelourinho
_lpor
245 1 0 _aO Olodum do Pelourinho
300 _a154
362 0 _a1996
650 4 _aBahia
942 _cBK
999 _c59031
_d59031